NHL Career Penalty Minutes Leaders - Statistics

General Stats
  • This quiz has been taken 1,001 times
  • The average score is 8 of 25
Answer Stats
Hint Answer % Correct
3966 Tiger Williams
77%
3515 Tie Domi
75%
3300 Bob Probert
63%
3381 Marty McSorley
46%
3565 Dale Hunter
44%
3146 Tim Hunter
44%
2785 Scott Stevens
42%
2891 Chris Chelios
37%
3043 Chris Nilan
37%
2634 Donald Brashear
35%
3207 Rob Ray
33%
2489 Brendan Shanahan
31%
2519 Joey Kocur
31%
2567 Gino Odjick
25%
2453 Ulf Samuelsson
22%
2562 Matthew Barnaby
21%
3149 Craig Berube
20%
2972 Rick Tocchet
20%
2905 Pat Verbeek
17%
2560 Gary Roberts
16%
2457 Basil McRae
15%
2792 Dave Manson
15%
2516 Ken Daneyko
15%
2562 Willi Plett
12%
2479 Scott Mellanby
8%
No matching quizzes found
Score Distribution
Percent of People with Each Score
Percentile by Number Answered
Your Score History
You have not taken this quiz